000 02124nam a2200421Ia 4500
001 ebr10355550
003 CaPaEBR
006 m u
007 cr cn|||||||||
008 090610s2009 dcu sb 000 0 eng d
010 _z 2009930416
020 _z0309138507 (pbk.)
020 _z0309138515 (pdf)
020 _z9780309138505 (pbk.)
020 _z9780309138512 (pdf)
040 _aCaPaEBR
_cCaPaEBR
035 _a(OCoLC)649901504
050 1 4 _aU163
_b.T437 2009eb
245 0 0 _aTechnology, policy, law, and ethics regarding U.S. acquisition and use of cyberattack capabilities
_h[electronic resource] /
_cWilliam A. Owens, Kenneth W. Dam, and Herbert S. Lin, editors ; Committee on Offensive Information Warfare, Computer Science and Telecommunications Board, Division on Engineering and Physical Sciences, National Reseach Council of the National Academies.
260 _aWashington, DC :
_bNational Academies Press,
_cc2009.
300 _axxii, 367 p.
504 _aIncludes bibliographical references.
533 _aElectronic reproduction.
_bPalo Alto, Calif. :
_cebrary,
_d2010.
_nAvailable via World Wide Web.
_nAccess may be limited to ebrary affiliated libraries.
650 0 _aComputer networks
_xSecurity measures
_xGovernment policy
_zUnited States.
650 0 _aComputer networks
_xSecurity measures
_zUnited States.
650 0 _aCyberspace
_xSecurity measures
_zUnited States.
650 0 _aCyberterrorism
_zUnited States
_xPrevention.
650 0 _aInformation warfare
_zUnited States.
655 7 _aElectronic books.
_2local
700 1 _aDam, Kenneth W.
700 1 _aLin, Herbert.
700 1 _aOwens, William A.,
_d1940-
710 2 _aNational Research Council (U.S.).
_bCommittee on Offensive Information Warfare.
710 2 _aNational Research Council (U.S.).
_bComputer Science and Telecommunications Board.
710 2 _aNational Research Council (U.S.).
_bDivision on Engineering and Physical Sciences.
710 2 _aebrary, Inc.
856 4 0 _uhttp://site.ebrary.com/lib/rucke/Doc?id=10355550
_zAn electronic book accessible through the World Wide Web; click to view
999 _c106807
_d106807